MDQL
is popping MORE tags! Check the
thread
!
Quizzes
Events
Quiz Creation
Community
Videos
Private Events
Remove Ads
Sign In
Join for FREE
Feedback
Dark Mode
Quiz Categories
Sports
Geography
Music
Movies
Television
Just For Fun
Miscellaneous
History
Literature
Language
Science
Gaming
Entertainment
Religion
Holiday
For Kids
Quiz Lab
Recent
Popular Today
Quiz Kudos Today
Editor Picks
Curator Picks
Quizzes by...
Day
Popularity
Type
Ratings
Length
Year
Community
Subscriptions
Recent Discussions
Orange Saloon
Badges
Playlists
Quests
Create
Leaderboards
Showdown
Live 5
Trivia Bingo
Activity
Puzzle Library
Sporcle Events
Private Events
Virtual Trivia
Globe League
Become a Host
Pub Owners
SporcleCon
Opinionation
Our Games
Videos
Blog
Mobile Apps
Partnerships
Remove Ads and Go Orange
Feedback
Sports
Athletes
MLB
NBA
NHL
NFL
Soccer
Sports Teams
WWE
NCAA
Football
Premier League
Basketball
Baseball
Hockey
Golf
Tennis
Cricket
Rugby
Auto Racing
Olympics
World Cup
Sports
Athletes
MLB
NBA
NHL
NFL
Soccer
Sports Teams
WWE
NCAA
Football
Premier League
Basketball
Baseball
Hockey
Golf
Tennis
Cricket
Rugby
Auto Racing
Olympics
World Cup
Random Quiz
Search Sporcle
×
Quiz Lab
Quiz Lab
Sports
Sibling
Type in answers that appear in a list
Type in answers that appear in a list
Classic
Best Score? Go Orange.
Brothers in Sport Stats
Can you name these Sporting Brothers?
By
Quinsfanwill
4m
15 Questions
58 Plays
58 Plays
58 Plays
Comments
Comments
Give Quiz Kudos
Give Quiz Kudos
-
- Ratings
hide this ad
More Info
Replay
Link that replays current quiz
Next Quiz
Link to next quiz in quiz playlist
You Got
0%
They Got
Avg Score
36%
Avg Friend Score
Upgrade to see
Score Distribution
Jump to the score distribution portion of the page
Score
0/15
Timer
04:00
0
Plays Today
Sport (nationality)
Answer
% Correct
American Football (USA)
Eli and Peyton Manning
84.5%
Football (Ivory Coast)
Kolo and Yaya Toure
50%
F1 (Germany)
Michael and Ralf Schumacher
46.6%
Tennis (GB)
Andy and Jamie Murray
43.1%
Football (England)
Bobby and Jack Charlton
39.7%
Boxing (Ukraine)
Wladimir and Vitali Klitschko
39.7%
Football (England)
Gary and Phil Neville
37.9%
American Football (Coaches) (USA)
John and Jim Harbaugh
37.9%
Sport (nationality)
Answer
% Correct
Tennis (USA)
Bob and Mike Bryan
37.9%
Football (Denmark)
Michael and Brian Laudrup
31%
Golf (Italy)
Francesco and Edoardo Molinari
24.1%
Cricket (Australia)
Mark and Steve Waugh
22.4%
Rugby Union (England)
Rory and Tony Underwood
20.7%
Cricket (Australia)
Greg, Trevor and Ian Chappell
17.2%
Rugby Union (Scotland)
Scott and Gavin Hastings
17.2%
Quiz Playlist
Details
Report
Send in Message
Add To Playlist
More Info:
Surnames are acceptable. All sets of brothers are players, except for one set where only one played the sport.
Classic:
Type in answers that appear in a list
Last Updated: Feb 16, 2017
Quiz Scoreboard
CHALLENGE
Sign Up to Join the Scoreboard
Show All
Scores
Hide
Comments
May contain spoilers
Recently Published
Street Fighter Characters
by Artimus82
Gaming
60s
9x9 Crossword: Cartoon Network
by jackfrog10
Miscellaneous
3m
College Basketball Coaching Resumes
by pancakes188
Sports
9m
More to Explore
Quiz From the Vault
Featured Blog Post
Where Did the Easter Bunny Come From?
hide this ad
You Might Also Like...
Tags
Family Members
Sibling
Sports Champions
Today's Top Quizzes in Sports
Browse Sports
hide this ad
Today's Top Quizzes in Sibling
Browse Sibling
Top Contributed Quizzes in Sports
1
2022 World Cup Stars
2
Les meilleurs buteurs des matchs entre le PSG et l’OM
3
FIFA Club World Cup Champions
4
Les entraîneurs de l'OM et du PSG au 21e siècle
5
Criteria MLB: Left Handed Sluggers
6
2023 MLB Unique Player Accomplishments
7
AFC Teams Reveal (Wrong Answers Minefield)
8
5-to-1: FBS Animal Nicknames
9
Players with Multiple 50 Home Run Seasons
10
5-to-1: UK Sports Teams
Explore More
Trending Topics
NBA
Crossword
Disney
Marvel
Kpop
Anime
Harry Potter
Song
Country
The Office
Soccer
Pokémon
NFL
Puzzle
WWE
hide this ad
More By:
Quinsfanwill
Quiz
Plays
Rating
Category
Featured
Created
Brothers in Sport
58
2.25
Sports
Oct 8, 2013
Harlequins Squad 2012-13
38
Sports
Jan 28, 2013
England all time Six Nations players
36
Sports
Mar 16, 2024
UK Supreme Court Justices
24
History
Mar 14, 2018
Go to Creator's Profile
Score Distribution
Quiz Creator Spotlight
Quinsfanwill
Follow
Send a Message
Quizzes Created
-
Created Quiz Play Count
-
More By This Creator
Popular Quizzes Today
1
Find the US States - No Outlines Minefield
2
Find the Countries of Europe - No Outlines Minefield
3
The Countries of the World
4
Find the US States
5
Risky Map Clicking: Biggest States A-Z
6
US States
7
Popular People in 1961
8
Movies - When Are They Set?
More Sports Quizzes
MLB: 300+ HR Before 30
Published
Trending Quizzes
Risky Map Clicking: Least Populous States A-Z
Countries of the World: 200 Million BC
1-10 Letter G Words
Risky Map Clicking: Next State Alphabetically
Adjectives in 80s TV Shows
Recently Updated
Leaping Animals
pecheneg
Reality TV Shows (A-Z)
bhenderson79
Rickey Henderson's Hall of Fame Teammates
pecheneg
Champions League XIs: Arsenal
pecheneg
Quick Pick: Celebrities in WWE's Hall of Fame
aduchscher
A-Z Keypad Blitz II
pecheneg
Multiple Oscar Actors
pecheneg
Mystery Phrase Blitz: Oscar 'Best Actors'
pecheneg
F. Scott Fitzgerald Novels
LTH
Pick 3 Villains
ddd62291
Trending Topics
Anime
Disney
Kpop
Harry Potter
Crossword
NBA
Marvel
Country
Song
Soccer
NFL
The Office
Puzzle
Pokémon
WWE
Your Account Isn't Verified!
In order to create a playlist on Sporcle, you need to verify the email address you used during registration. Go to your
Sporcle Settings
to finish the process.
Report this User
Report this user for behavior that violates our
Community Guidelines
.
Details:
Send Report
Go to the Sporcle.com Mobile Site →
Comments